SPORT AND PE (Record no. 12513)

MARC details
000 -LEADER
fixed length control field 00417nam a22001937a 4500
003 - CONTROL NUMBER IDENTIFIER
control field OSt
005 - DATE AND TIME OF LATEST TRANSACTION
control field 20211013154358.0
008 - FIXED-LENGTH DATA ELEMENTS--GENERAL INFORMATION
fixed length control field 211013b |||||||| |||| 00| 0 eng d
020 ## - INTERNATIONAL STANDARD BOOK NUMBER
International Standard Book Number 9780340817018
040 ## - CATALOGING SOURCE
Transcribing agency HU
050 ## - LIBRARY OF CONGRESS CALL NUMBER
Classification number 1
082 ## - DEWEY DECIMAL CLASSIFICATION NUMBER
Edition number 3RD/ED
Classification number 613.7'042/SPO
100 ## - MAIN ENTRY--PERSONAL NAME
Personal name SPO
9 (RLIN) 8909
245 ## - TITLE STATEMENT
Title SPORT AND PE
250 ## - EDITION STATEMENT
Edition statement 1
260 ## - PUBLICATION, DISTRIBUTION, ETC.
Place of publication, distribution, etc. LONDON
Name of publisher, distributor, etc. INDIA
Date of publication, distribution, etc. 2005
300 ## - PHYSICAL DESCRIPTION
Extent 865
942 ## - ADDED ENTRY ELEMENTS (KOHA)
Source of classification or shelving scheme Dewey Decimal Classification
Koha item type Books like text book referance book
Suppress in OPAC No
Holdings
Withdrawn status Lost status Source of classification or shelving scheme Damaged status Not for loan Home library Current library Shelving location Date acquired Full call number Barcode Date last seen Copy number Price effective from Koha item type Total Checkouts
    Dewey Decimal Classification     Natural & Computational Science Library Natural & Computational Science Library General Stacks 10/13/2021 613.7'042/SPO NSCLIB00011092 10/13/2021 2 10/13/2021 Books like text book referance book  
    Dewey Decimal Classification     Natural & Computational Science Library Natural & Computational Science Library General Stacks 10/13/2021 613.7'042/SPO NSCLIB00064 10/13/2021 8 10/13/2021 Books like text book referance book  
    Dewey Decimal Classification     Natural & Computational Science Library Natural & Computational Science Library General Stacks 10/13/2021 613.7'042/SPO NSCLIB00011091 10/13/2021 6 10/13/2021 Books like text book referance book